Principal component analysis in meteorology and oceanography

Uloženo v:
Podrobná bibliografie
Hlavní autoři: Preisendorfer, Rudolph W (Autor), Mobley, Curtis D (Autor)
Médium: Kniha
Jazyk:angličtina
Vydáno: Amsterdam Elsevier 1988
Edice:Developments in Atmospheric Science, 17
Témata:
Tagy: Přidat tag
Žádné tagy, Buďte první, kdo vytvoří štítek k tomuto záznamu!

MARC

LEADER 00000nam a2200000 a 4500
001 UCV4937
003 CL-VaPUC
008 910513e19880000NE |||||||||||||||||eng|d
082 0 4 |a 551.5  |b PRE  |2 21 
100 0 |a Preisendorfer, Rudolph W  |e author  |9 299141 
700 0 |a Mobley, Curtis D  |e author  |9 299142 
245 1 0 |a Principal component analysis in meteorology and oceanography 
300 |a 425 p 
942 |c BK 
945 |d 19910513 00:00:00 
260 |a Amsterdam  |b Elsevier  |c 1988 
650 7 |a METEOROLOGIA  |2 CL-VaPUC  |9 260030 
650 0 |a Oceanografía  |9 260014 
583 |a last modification  |c 19910513 00:00:00  |k Rodrigo Vera 
490 0 |a Developments in Atmospheric Science, 17 
999 |c 211562  |d 211560 
952 |0 0  |1 0  |2 ddc  |4 0  |6 551_500000000000000_PRE_1988  |7 0  |8 A  |9 191200  |a BIBCUR  |b BIBCUR  |d 2019-11-14  |i 2588188  |o 551.5 PRE 1988  |p 2588188  |r 2025-04-22  |w 2019-11-14  |y BK  |k CIM